[Event "Capablanca Memorial Elite 31st"]
[Site "Cienfuegos"]
[Date "1996.??.??"]
[Round "10"]
[White "Zapata, Alonso"]
[Black "Conquest, Stuart"]
[Result "1/2-1/2"]
[WhiteElo "2505"]
[BlackElo "2540"]
[Annotator "Horvath,Ta"]
[PlyCount "75"]
[EventDate "1996.05.??"]
[EventType "tourn"]
[EventRounds "13"]
[EventCountry "CUB"]
[EventCategory "12"]
[SourceTitle "CBM 054"]
[Source "ChessBase"]
[SourceDate "1996.10.01"]
[SourceVersion "1"]
[SourceVersionDate "1996.10.01"]
[SourceQuality "1"]

1. e4 c5 2. Nf3 e6 3. d4 cxd4 4. Nxd4 Nf6 5. Nc3 Nc6 6. Ndb5 d6 7. Bf4 e5 8.
Bg5 a6 9. Na3 b5 10. Bxf6 gxf6 11. Nd5 Bg7 12. g3 f5 13. Bg2 (13. exf5 {
Ljubojevic-Kramnik/CBM/51/48}) 13... f4 $5 (13... fxe4 {Prokopp,H-Scholz,F/CBM/
52/1138}) 14. c3 O-O 15. Nc2 Kh8 16. Qd3 Bh6 17. a4 bxa4 18. Rxa4 a5 19. O-O
Bd7 20. Raa1 f5 21. Rfd1 fxg3 22. fxg3 f4 23. b4 fxg3 24. b5 gxh2+ 25. Kh1 Ne7
26. b6 Ng6 27. Rf1 Qg5 28. Nce3 Nh4 29. Qe2 a4 30. Rxf8+ Rxf8 31. Rf1 Nxg2 32.
Rxf8+ Bxf8 33. Qxg2 Qd8 34. b7 Bc6 35. Nf6 Bg7 36. Nh5 Bf8 37. Nf6 Bg7 (37...
Be7 38. Qg8+ $2 (38. Nh5 Bf8 $10) 38... Qxg8 39. Nxg8 Bxb7 40. Nxe7 Bxe4+ 41.
Kxh2 a3 $19) 38. Nh5 1/2-1/2

[Event "RUS-ch"]
[Site "Elista"]
[Date "1996.??.??"]
[Round "2"]
[White "Galkin, Alexander"]
[Black "Filippov, Valerij"]
[Result "1/2-1/2"]
[WhiteElo "2425"]
[BlackElo "2565"]
[Annotator "Horvath,Ta"]
[PlyCount "167"]
[EventDate "1996.10.15"]
[EventType "swiss"]
[EventRounds "11"]
[EventCountry "RUS"]
[SourceTitle "CBM 056"]
[Source "ChessBase"]
[SourceDate "1997.02.01"]
[SourceVersion "1"]
[SourceVersionDate "1997.02.01"]
[SourceQuality "1"]

1. e4 c5 2. Nf3 e6 3. d4 cxd4 4. Nxd4 Nf6 5. Nc3 Nc6 6. Ndb5 d6 7. Bf4 e5 8.
Bg5 a6 9. Na3 b5 10. Nd5 Be7 11. Bxf6 Bxf6 12. c4 b4 13. Nc2 a5 14. Be2 O-O 15.
O-O Bg5 16. Qd3 Rb8 (16... Ne7 17. Nxe7+ Qxe7 18. b3 Bb7 $10) 17. Rad1 Be6 18.
b3 g6 19. Bf3 Kg7 20. Qe2 Qd7 21. Rd3 Qa7 (21... Bd8 22. Rfd1 Qa7 23. Qe3 Qc5
$13) 22. Rfd1 Nd8 23. Ra1 Qc5 24. a3 bxa3 25. Nxa3 Bd7 26. Qe1 Ne6 27. Nc2 Bd8
28. Qc3 Ng5 29. h4 Ne6 (29... Nxf3+ 30. Rxf3 Bg4 31. Rd3 (31. Rg3 h5) 31...
Bxh4 32. Nde3 Be6 33. Rxa5 $14) 30. g3 Bc6 31. Bg4 f5 (31... Nd4 32. Nxd4 Bxd5
33. exd5 (33. Nf5+ gxf5 34. Rxd5 Qb4 35. Qxb4 Rxb4 36. Bxf5 (36. Bd1 fxe4 37.
Rxd6 Bb6 $10) 36... Rxb3 37. Rxd6 Bb6 $10) 33... exd4 $10) 32. exf5 gxf5 33.
Bh3 Rb7 34. Rad1 Rbf7 35. b4 axb4 36. Ndxb4 Be7 37. Nxc6 Qxc6 38. Bg2 Qc7 39.
Ne3 Nc5 40. Nd5 Qa7 41. Re3 Bf6 42. Ra1 Qd7 43. Rd1 Qa7 44. Ra1 Qb8 45. Nxf6
Rxf6 46. Ra8 Qb6 47. Rxf8 Rxf8 48. Bd5 f4 49. gxf4 Rxf4 50. Rg3+ Kf6 51. Qc2
Ne6 52. Rf3 Qa7 53. Qd2 Ke7 54. Qb2 Rxh4 55. c5 Rg4+ (55... Qxc5 56. Qb7+ Qc7
$2 (56... Kd8 57. Qb8+ $10) 57. Rf7+ $1 $18) 56. Kh2 Nf4 57. cxd6+ Kxd6 58. Ra3
Rh4+ 59. Kg1 Nh3+ 60. Kg2 Qg7+ (60... Qxf2+ 61. Qxf2 Nxf2 62. Bf3 Ne4 (62...
Nh3 $2 63. Kg3) 63. Ra4 Kd5 64. Kf1 Rf4 65. Ke2 Rxf3 $10) 61. Rg3 Nf4+ 62. Kg1
Qc7 63. Be4 Ke6 (63... Qc1+ 64. Qxc1 Ne2+ 65. Kg2 Nxc1 $15) (63... Ne2+ 64.
Qxe2 Qc1+ 65. Qf1 Qxf1+ 66. Kxf1 Rxe4 67. Rh3 $10) 64. Qa2+ Kf6 65. Qa6+ Ne6
66. Rf3+ Ke7 67. Qa3+ Qc5 68. Bf5 Qxa3 69. Rxa3 Ng5 70. Kg2 Kf6 71. Bc8 Rc4 72.
Ra6+ Kg7 73. Ra7+ Kg6 74. Ra6+ Kh5 75. Bf5 Rf4 76. Bd3 Kg4 77. Rh6 Rf7 78. f3+
Kf4 79. Kf2 Nxf3 80. Rxh7 Rf6 81. Bc4 Ke4 82. Rf7 Rc6 83. Rxf3 Rxc4 84. Ra3
1/2-1/2

[Event "RUS-ch"]
[Site "Elista"]
[Date "1996.??.??"]
[Round "2"]
[White "Rublevsky, Sergei"]
[Black "Shariyazdanov, Andrey"]
[Result "1-0"]
[WhiteElo "2645"]
[BlackElo "2470"]
[Annotator "Horvath,Ta"]
[PlyCount "125"]
[EventDate "1996.10.15"]
[EventType "swiss"]
[EventRounds "11"]
[EventCountry "RUS"]
[SourceTitle "CBM 056"]
[Source "ChessBase"]
[SourceDate "1997.02.01"]
[SourceVersion "1"]
[SourceVersionDate "1997.02.01"]
[SourceQuality "1"]

1. e4 {Chekhov} c5 2. Nf3 Nc6 3. d4 cxd4 4. Nxd4 Nf6 5. Nc3 e5 6. Ndb5 d6 7. a4
a6 8. Na3 Be7 (8... Bg4 $5 {Der Anziehende will mit diesem Zug den "normalen"
weißen Plan durchkreuzen.} 9. f3 (9. Be2 Bxe2 10. Qxe2 d5 11. exd5 Nxd5 12. O-O
Nxc3 13. bxc3 Bc5 $10 {Rublevsky-Babula/1993/}) 9... Be6 10. Bc4 Rc8 (10... Qb6
$5 11. Nd5 Bxd5 12. Bxd5 Nb4 13. Bb3 d5 $1 14. exd5 Nbxd5 $10 {Tomescu-Vlad/
Romania/1995}) 11. O-O Nb4 12. Bxe6 fxe6 13. Qe1 Be7 14. Bg5 O-O 15. Rd1 Qb6+
16. Be3 Qc6 17. Bf2 Rfe8 $13 {Jansa-Votava/Lazne Bohdanec/1995}) (8... Bg4 $5 {
Chekhov}) 9. Bg5 Bg4 {N/} (9... Nxe4 10. Nxe4 Bxg5 11. Nxd6+ Ke7 12. Nac4 $14 (
12. Nxc8+ {Chekhov} Rxc8 13. Bd3 Qa5+ 14. c3 Rhd8 15. O-O Qd5 $10 {Xie,
J-Shumiakina,T/Moscow/1992/1|0/50/}) (12. Nac4 Be6 13. Qf3 $6 Nd4 14. Qxb7+ Qd7
15. Qxd7+ Kxd7 $17 {Langier,D-Kramnik,V/BRA/1991/0|1/21/})) (9... Be6 10. Bc4
Nxe4 $1 11. Nxe4 d5 12. Bxe7 Kxe7 $1 13. Bd3 dxe4 14. Bxe4 Qa5+ 15. Qd2 Qxd2+
16. Kxd2 Rhd8+ 17. Ke3 f5 {GluzmanVaiser/Bern/1992}) (9... Be6 $5 {Chekhov})
10. Qd2 (10. f3 {Chekhov} Be6 11. Nc4 Nd4 12. Ne3 (12. Be3 $6 Rc8 $1) 12... O-O
$132) 10... O-O 11. Bc4 (11. Nc4 {Chekhov} Nd4 12. Ne3 Be6 13. Bxf6 Bxf6 14.
Ncd5 Bg5 $10) 11... h6 12. Bxf6 Bxf6 13. Nd5 Bg5 14. Qd3 Nd4 (14... Kh8 $5 {
Chekhov} 15. O-O f5 $22 16. f3 (16. f4 exf4 17. Nxf4 Bxf4 18. Rxf4 Qb6+ $36)
16... fxe4 17. fxe4 Nd4 $13) 15. c3 Ne6 16. h3 Bh5 17. O-O Kh8 18. b4 (18. Nc2
$2 {Chekhov} Nc5 $1 $17) 18... Bg6 19. Rad1 a5 (19... f5 {Chekhov} 20. Ne3 $16)
20. Bb3 axb4 21. cxb4 f5 22. Nb5 (22. Ne3 $6 {Chekhov} fxe4 23. Qxd6 Qxd6 24.
Rxd6 Nd4 25. Rxg6 Nxb3 $132) 22... fxe4 23. Qb1 Ra6 (23... Kh7 {Chekhov} 24.
Bc2 $16) 24. f3 Nf4 25. fxe4 Bh5 (25... Nxd5 $5 {Chekhov} 26. Rxd5 (26. Bxd5
Rxa4 27. Rxf8+ Qxf8 28. Bxb7 d5 $36) (26. Rxf8+ Qxf8 27. Rxd5 Be3+ 28. Kh1 Bxe4
$19) 26... Rxf1+ 27. Kxf1 Qf6+ 28. Kg1 Be3+ 29. Kh1 Bxe4 $1 $19) 26. Rde1 Bh4
27. Re3 Qg5 28. Qb2 Raa8 29. Nbc7 Nxg2 30. Rxf8+ (30. Qxg2 {Chekhov} Rxf1+ 31.
Kxf1 Rf8+ 32. Kg1 Bf2+ 33. Kh2 Bxe3 $19) 30... Rxf8 31. Ne6 (31. Qxg2 {Chekhov}
Bf2+ 32. Kh1 Bxe3 $19) 31... Rf1+ 32. Kh2 (32. Kxf1 {Chekhov} Nxe3+ 33. Nxe3
Qxe3 $19 (33... Qxe3 34. Qc2 Qxh3+ $19)) 32... Qg6 (32... Nxe3 33. Nxg5 Nxd5 (
33... Rf2+ {Chekhov} 34. Qxf2 Bxf2 35. Nxe3 Bxe3 36. Nf7+ Bxf7 37. Bxf7 $10)
34. Bxd5 Rf2+ 35. Qxf2 Bxf2 36. Nf7+ $10) (32... Qxe3 {Chekhov} 33. Nxe3 Nxe3
34. Qc3 Rf2+ 35. Kg1 Rf1+ 36. Kh2 Rf2+ $10) 33. Ne7 (33. Qxg2 {Chekhov} Rf2 $19
) 33... Bxe7 34. Rg3 Rh1+ (34... Qf6 $1 {Chekhov} 35. Kxg2 (35. Qxg2 Rf2 $19) (
35. Qc2 Nh4 36. Qc8+ Bf8 $19) 35... Re1 $19) 35. Kxg2 (35. Kxh1 {Chekhov} Qxg3
$19) 35... Rg1+ (35... Qxe4+ {Chekhov} 36. Kf2 Qe1+ 37. Kg2 Qf1#) 36. Kxg1
Qxg3+ 37. Qg2 Qe3+ (37... Qxg2+ 38. Kxg2 Bf7 $10) 38. Kh2 Bf6 (38... Bg5 $1 {
Chekhov} 39. Nxg5 (39. Qc2 Bf4+ 40. Nxf4 Qxf4+ 41. Kg1 Qg3+ $19) 39... hxg5 40.
Bd5 $44) 39. Qc2 Qe2+ 40. Qxe2 Bxe2 41. a5 Bh4 42. Bd5 Ba6 (42... Be1 {Chekhov}
43. Bxb7 Bxb4 44. a6 $18) 43. Nc7 Bd8 (43... Be1 {Chekhov} 44. b5 Bxa5 45. bxa6
Bxc7 46. a7 $18) 44. Ne6 {Suddenly White goes for the win!} Bh4 45. Nc7 Bd8 46.
Ne8 Kh7 (46... Be7 {Chekhov} 47. Kg3 g5 48. Nc7 (48. b5 Bxb5 49. Bxb7 d5 (49...
Bxe8 50. a6 $18) 50. Nc7 Bc4 51. exd5 $16) 48... Bd8 49. Nxa6 bxa6 50. Kg4 Kg7
51. Kf5 h5 52. Bc4 d5 53. Bxa6 Be7 54. Be2 Bxb4 55. a6 Bc5 56. exd5 $18) (46...
Bh4 $5 {Chekhov} 47. Nxd6 Be7 48. Nf7+ Kh7 49. b5 Bxb5 50. Bxb7 Bc5 $6 (50...
Bc4 $1 51. a6 (51. Bd5 Ba6 $10) 51... Bc5 52. Nd8 (52. Nxe5 Bxa6 53. Bxa6 Bd6
$10) 52... Bb5 $10) 51. a6 (51. Kg2 $5 $16) 51... g5 $6 (51... Bc4 $5 52. Nd8
Bb5 53. Kg3 Kg6 $10) 52. Kg2 Kg7 53. Nxe5 $16) 47. Kg3 g5 48. Bf7 Be7 49. Nc7
Bd8 50. Nxa6 bxa6 51. Bc4 Kg7 (51... d5 52. exd5 (52. Bxa6 {Chekhov} Be7 53.
Bc8 Bxb4 54. a6 Bc5 55. exd5 $16) 52... Be7 53. b5 axb5 54. a6 Bc5 55. d6 $18)
52. Bxa6 d5 53. exd5 Be7 54. Bc8 Bxb4 55. a6 Bc5 56. Kf3 Kf6 57. d6 h5 58. Ke4
Bd4 59. Kd5 Kf7 60. Bf5 Kf6 61. Kc6 g4 62. hxg4 hxg4 63. Bxg4 (63. Bxg4 {
Chekhov} e4 64. d7 Ke7 65. Kc7 $18) 1-0

[Event "Orel"]
[Site "Orel"]
[Date "1995.??.??"]
[Round "2"]
[White "Gurevich, Vladimir"]
[Black "Chekhov, Valery A"]
[Result "1/2-1/2"]
[WhiteElo "2445"]
[BlackElo "2500"]
[Annotator "Horvath,Ta"]
[PlyCount "58"]
[EventDate "1995.??.??"]
[EventType "tourn"]
[EventRounds "9"]
[EventCountry "RUS"]
[EventCategory "10"]
[SourceTitle "CBM 048"]
[Source "ChessBase"]
[SourceDate "1995.10.01"]
[SourceVersion "1"]
[SourceVersionDate "1995.10.01"]
[SourceQuality "1"]

1. e4 c5 2. Nf3 e6 3. d4 cxd4 4. Nxd4 Nf6 5. Nc3 Nc6 6. Ndb5 d6 7. Bf4 e5 8.
Bg5 a6 9. Na3 b5 (9... Be7 $6 10. Bxf6 Bxf6 11. Nc4 Nd4 12. Nd5 Be6 13. Nxf6+
gxf6 14. c3 Bxc4 15. Bxc4 Ne6 16. h4 $1 {Horvath,T-Gladyszew/Zalakaros/1995})
10. Bxf6 gxf6 11. Nd5 f5 12. Bd3 Be6 13. O-O Bg7 14. Qh5 f4 15. c4 bxc4 16.
Bxc4 Nd4 (16... O-O 17. Rac1 Rb8 18. b3 Qd7 (18... Kh8 19. Rfd1 Qa5 20. Nb1
Rbe8 $2 (20... Nd4 $5 21. Nbc3 {Vavarin-Tscherniaev/Moskau/1992}) 21. Rd3 $1 f5
22. Rh3 Bg8 (22... h6 23. Qg6 Bg8 24. Rxh6+ Bxh6 25. Qxh6+ Bh7 26. Nf6 $18) 23.
Nf6 $1 Rxf6 24. Bxg8 {1:0 Grabics-Czebe/Zalakaros/1995}) 19. Rfd1 Kh8 20. Qh4
f5 21. Nxf4 exf4 22. Bxe6 Qxe6 23. Rxc6 fxe4 24. Rcxd6 Qe8 25. Nc4 e3 26. fxe3
fxe3 27. h3 (27. Re1 Qf7 $1 28. Nxe3 Rbe8 29. Nc4 Re4 $1 30. Qg3 Bd4+ 31. Rxd4
$13 {Stanciu-Brkovic/Pernik/1983}) 27... e2 28. Re1 Bc3 29. Rd2 Bxd2 30. Qd4+
Kg8 31. Qxd2 Rd8 32. Qxe2 Qxe2 33. Rxe2 Rf6 {1/2:1/2 Fogarasi-Almasi,I/
Zalakaros/1995}) 17. Rac1 Rc8 (17... f3 $5 18. g3 O-O 19. Nc2 $2 Bxd5 20. exd5
(20. Bxd5 Ne2+ 21. Kh1 Nxc1 22. Bxa8 Qxa8 23. Rxc1 Qxe4 24. Ne3 f5 $19) 20...
Nxc2 21. Bd3 f5 22. Bxc2 e4 $17 {Grabics-Csoke/Budapest/1991}) 18. Bxa6 (18. b3
O-O 19. Nb1 f5 20. f3 Bf7 21. Qh3 $13 {Tiypsay,B-Shumiakina/Jakarta/1993}) (18.
Rc3 O-O 19. Rfc1 Rxc4 $5 20. Nxc4 f5 21. Ncb6 Bf7 22. Qd1 fxe4 23. Rc8 Qg5 $44
{Danailov-Oms/Ibercaja/1994}) 18... Rxc1 19. Rxc1 O-O 20. Nb5 Nxb5 21. Bxb5
Bxd5 22. exd5 e4 (22... f5 23. Ba6 Qf6 24. Rc8 e4 25. Rxf8+ $14) 23. Qf5 Qa5
24. Bf1 Qxa2 25. Qxe4 Qxb2 26. Qxf4 Qe5 27. Qxe5 $14 Bxe5 28. Rc4 Ra8 29. f4
Bf6 1/2-1/2

[Event "Moscow Alekhine op"]
[Site "Moscow"]
[Date "1992.??.??"]
[Round "?"]
[White "Ye, Rongguang"]
[Black "Novik, Maxim"]
[Result "1/2-1/2"]
[WhiteElo "2540"]
[BlackElo "2430"]
[Annotator "Horvath,Ta"]
[PlyCount "60"]
[EventDate "1992.10.??"]
[EventType "swiss"]
[EventRounds "9"]
[EventCountry "RUS"]
[SourceTitle "CBM 033"]
[Source "ChessBase"]
[SourceDate "1993.04.01"]
[SourceVersion "1"]
[SourceVersionDate "1993.04.01"]
[SourceQuality "1"]

1. e4 c5 2. Nf3 Nc6 3. d4 cxd4 4. Nxd4 Nf6 5. Nc3 e5 6. Ndb5 d6 7. Nd5 Nxd5 8.
exd5 Ne7 9. c3 Nf5 (9... f5 10. Qa4 Kf7 11. Qb4 Nxd5 $2 (11... Ng6 12. h4 $1
Be7 13. Bg5 $14) 12. Bc4 Be6 13. Qb3 Nf4 14. Bxf4 d5 15. Be2 (15. O-O-O dxc4
16. Rxd8 cxb3 17. Rxa8 bxa2 18. Kc2 exf4 19. b3 $14 {Pripke-Weber Corr. 1986})
15... exf4 16. Nd4 $16 {T,Horvath-Vegh,E Zanka 1978}) 10. a4 Be7 11. Bd3 O-O
12. O-O Nh4 13. f4 a6 14. Na3 exf4 (14... f5 15. Nc4 Ng6 16. a5 $13 (16. g3 $1
exf4 17. gxf4 Bd7 18. a5 Bb5 19. Nb6 Bxd3 20. Qxd3 Rb8 21. Bd2 Qc7 22. b4 Rbe8
23. Rae1 Rf7 24. c4 $16 {Kusnetzow-Pronicin Russia 1992})) 15. Bxf4 Ng6 16.
Bxg6 $1 hxg6 17. Nc4 Qc7 (17... Bf5 18. Re1 Rc8 19. Qb3 Bd3 20. Nb6 Rc7 21.
Rad1 Bf5 {Matulovic-Nikzevic Inf. 55/188}) 18. b3 (18. Qb3 Qc5+ 19. Kh1 Qxd5
20. Rad1 Qc6 21. Bxd6 Be6 $1 22. Bxe7 Bxc4 23. Qc2 Bxf1 24. Bxf8 Bxg2+ 25. Qxg2
Qxg2+ 26. Kxg2 Kxf8 27. Rd7 Rb8 $15) 18... Bf5 19. a5 Be4 20. Re1 f5 $13 21.
Qd2 Rae8 22. Rad1 Qd8 23. Re2 g5 24. Bg3 g4 25. Bf4 Rf6 26. Qd4 Rg6 27. Rde1
Bf6 28. Qd2 Bh4 29. g3 Be7 30. b4 Rf6 1/2-1/2

[Event "Ter Apel"]
[Site "Ter Apel"]
[Date "1996.??.??"]
[Round "4"]
[White "Leko, Peter"]
[Black "Nijboer, Friso"]
[Result "1/2-1/2"]
[WhiteElo "2625"]
[BlackElo "2475"]
[Annotator "Horvath,Ta"]
[PlyCount "123"]
[EventDate "1996.03.??"]
[EventType "tourn"]
[EventRounds "5"]
[EventCountry "NED"]
[EventCategory "15"]
[SourceTitle "CBM 053"]
[Source "ChessBase"]
[SourceDate "1996.08.01"]
[SourceVersion "1"]
[SourceVersionDate "1996.08.01"]
[SourceQuality "1"]

1. e4 c5 2. Nf3 e6 3. d4 cxd4 4. Nxd4 Nf6 5. Nc3 Nc6 6. Ndb5 d6 7. Bf4 e5 8.
Bg5 a6 9. Na3 b5 10. Nd5 Be7 11. Bxf6 Bxf6 12. c3 Bb7 13. Nc2 Ne7 14. Nxf6+
gxf6 15. Bd3 (15. Qd3 $6 d5 16. exd5 Qxd5 17. Ne3 $6 Qe6 $1 18. Be2 Rd8 19. Qc2
f5 $17 {Zupe-Muse/Heilderberg/1989}) 15... d5 16. exd5 Qxd5 17. Ne3 Qe6 18. Qh5
$5 (18. Qc2 e4 19. Be2 f5 20. g3 Ng6 $13 {Krasenkov}) 18... O-O-O $5 (18... e4
19. Be2 f5 20. g3 O-O 21. O-O Kh8 $13) 19. Bc2 f5 $5 20. Nxf5 Kb8 21. Ne3 Ng6
22. Rd1 Nf4 23. Qf5 Qxf5 24. Bxf5 Rxd1+ 25. Kxd1 Bxg2 $6 (25... Nxg2 26. Nxg2
Bxg2 27. Rg1 Bd5 28. b3 h6 $10) 26. Nxg2 Nxg2 27. Rg1 Nh4 28. Bc2 Ng6 29. Rg5
$1 Rd8+ 30. Ke1 f6 31. Rg3 Nf4 32. Bxh7 Kc7 33. Rg7+ Kb6 34. Be4 a5 35. Rb7+
Kc5 36. Rc7+ Kd6 37. Rb7 Kc5 38. Rc7+ Kd6 39. Rc6+ Ke7 40. Rb6 b4 41. Bf5 (41.
cxb4 Rd4 42. f3 axb4 43. Rb8 Ng2+ 44. Kf1 f5 $5 (44... Nf4 $5) 45. Kxg2 fxe4
46. fxe4 Rd2+ 47. Kg3 Rxb2 $14) 41... bxc3 42. bxc3 Nd3+ 43. Ke2 Nf4+ 44. Kf3
Rd2 45. Rb7+ Kf8 46. Bb1 Nd5 47. c4 Nc3 48. Bg6 Rd4 49. Rf7+ Kg8 50. Rxf6 Kg7
51. Ra6 Rxc4 52. Be8 e4+ 53. Kg2 Nxa2 54. Rxa5 Rc2 55. Kg3 Nc3 56. Bh5 Ne2+ 57.
Bxe2 Rxe2 $10 58. Ra3 Rb2 59. Re3 Rb4 60. Re2 Kf6 61. Kf4 e3+ 62. Kxe3 1/2-1/2

[Event "Women-Veterans"]
[Site "Aruba"]
[Date "1992.??.??"]
[Round "6"]
[White "Geller, Efim P"]
[Black "Arakhamia Grant, Ketevan"]
[Result "1-0"]
[WhiteElo "2525"]
[BlackElo "2435"]
[Annotator "Horvath,Ta"]
[PlyCount "107"]
[EventDate "1992.08.??"]
[EventType "schev"]
[EventRounds "6"]
[EventCountry "NAU"]
[SourceTitle "CBM 033"]
[Source "ChessBase"]
[SourceDate "1993.04.01"]
[SourceVersion "1"]
[SourceVersionDate "1993.04.01"]
[SourceQuality "1"]

1. e4 c5 2. Nf3 Nc6 3. d4 cxd4 4. Nxd4 Nf6 5. Nc3 e5 6. Ndb5 d6 7. Bg5 a6 8.
Na3 b5 9. Bxf6 gxf6 10. Nd5 f5 11. c3 Bg7 12. exf5 Bxf5 13. Nc2 O-O (13... Ne7
14. Nce3 Be6 15. g3 Nxd5 {Kotronias-Illescas CBM 32}) 14. Nce3 Be6 15. g3 (15.
Bd3 f5 16. Qh5 e4 17. Bc2 Ne7 18. Rd1 Rc8 $5 (18... Ng6 {Kudrin-Kinderman CBM
32}) 19. O-O Rc5 20. Bb3 f4 21. Nxe7+ Qxe7 22. Nd5 $1 Qf7 23. Qxf7+ Rxf7 24.
Rfe1 {Badzarani Inf. 55/198}) 15... b4 $5 16. Bg2 bxc3 17. bxc3 Rc8 (17... Qa5
18. O-O Qc5 $13) 18. O-O f5 19. Qh5 Kh8 20. Rad1 Ne7 21. Rd2 e4 22. Rfd1 Be5
23. Nf4 Bf7 24. Qh6 Rc6 $1 25. Ne6 Bxe6 26. Qxe6 Qe8 27. Nc4 (27. Nxf5 $2 Rxf5
$1 28. Bxe4 d5 $1 $17 {Geller}) 27... Rf6 28. Nxd6 Rxe6 29. Nxe8 Kg8 30. Rd8
Kf7 31. R1d7 Rg6 $2 (31... Rxc3 32. Nd6+ Kg6 33. Bh3 Rc6 $10 {Geller}) 32. Bf1
f4 $2 (32... Rg8 33. Nd6+ Bxd6 34. Rxd6 Rxd8 35. Rxd8 Rxc3 36. Bxa6 Ng6 37.
Rd7+ Kf6 38. Rxh7 Ne5 $16) 33. Be2 f3 34. Bd1 Rxc3 35. Bb3+ Rxb3 36. axb3 Rb6
37. Nd6+ Bxd6 38. Rxd6 Rxb3 39. Rd1 Nf5 40. R8d2 Ra3 41. Re1 h5 42. Rdd1 Ra4
43. Ra1 Rd4 44. Ra5 Kf6 45. Rxa6+ Nd6 46. h3 Kg5 47. Ra5+ Kg6 48. Re5 Rd2 49.
h4 Rd4 50. Rg5+ Kh6 51. Ra1 Rd2 52. Ra8 Kh7 53. Ra7+ Kh6 54. Re7 1-0

[Event "Jakarta"]
[Site "Jakarta"]
[Date "1994.??.??"]
[Round "9"]
[White "Lioe, Dede"]
[Black "Adianto, Utut"]
[Result "0-1"]
[WhiteElo "2320"]
[BlackElo "2535"]
[Annotator "Horvath,Ta"]
[PlyCount "110"]
[EventDate "1994.04.??"]
[EventType "tourn"]
[EventRounds "13"]
[EventCountry "INA"]
[EventCategory "10"]
[SourceTitle "CBM 041"]
[Source "ChessBase"]
[SourceDate "1994.08.01"]
[SourceVersion "1"]
[SourceVersionDate "1994.08.01"]
[SourceQuality "1"]

1. e4 c5 2. Nf3 e6 3. d4 cxd4 4. Nxd4 Nc6 5. Nc3 Nf6 6. Ndb5 d6 7. Bf4 e5 8.
Bg5 a6 9. Na3 b5 10. Bxf6 gxf6 11. Nd5 f5 12. Bd3 Be6 13. Qh5 Bg7 14. O-O f4
15. c3 O-O 16. Nc2 (16. g4 $5 Ne7 $1 (16... h6 $6 17. Rad1 Rb8 18. Nc2 $14 {
Hazai-Horvath,Cs/Budapest/1992}) 17. Nc2 (17. Kh1) 17... Bxd5 18. exd5 f5 $13)
16... f5 17. f3 $6 (17. a4 $2 Bxd5 18. exd5 Ne7 19. axb5 e4 $1 $17) (17. Ncb4
Nxb4 18. Nxb4 a5 (18... d5 $5)) 17... Bf7 18. Qh3 Bxd5 19. exd5 Ne7 20. Nb4 a5
(20... Rf6 $5 21. Nc6 $8 Qb6+ 22. Kh1 Nxd5 (22... Nxc6 23. dxc6 Raf8 $15) 23.
Bxf5 Rh6 24. Be6+ Kh8 25. Bxd5 Rxh3 26. gxh3 $13) 21. Nc6 Qb6+ 22. Kh1 Nxd5 23.
Bxf5 Rxf5 24. Qxf5 Qxc6 25. Qe6+ Kf8 26. Rfd1 Ne3 27. Rxd6 Qe8 $17 28. Qxe8+
Kxe8 29. Rb6 b4 $1 30. cxb4 axb4 31. Rc1 Bf8 32. Rb7 Be7 33. h4 Rxa2 34. Rc8+
Kf7 35. Rh8 Ke6 36. Rxh7 Nf5 $19 37. Kh2 Rxb2 38. Rb6+ Kd5 39. Rb5+ Kd4 40. Kh3
Rb1 41. Kg4 Ne3+ 42. Kh5 Bxh4 $1 43. Rd7+ Kc4 44. Rxe5 Bg3 45. Re4+ Kc3 46.
Rc7+ Kd3 47. Rb7 b3 48. Reb4 Kc3 49. Kg5 Nxg2 50. R4b6 Ne1 51. Rc7+ Kb2 52. Kg4
Rd1 53. Re7 Rd3 54. Re2+ Kb1 55. Rh6 Nxf3 0-1

[Event "Las Palmas"]
[Site "Las Palmas"]
[Date "1993.??.??"]
[Round "8"]
[White "Anand, Viswanathan"]
[Black "Morovic Fernandez, Ivan"]
[Result "1/2-1/2"]
[WhiteElo "2710"]
[BlackElo "2570"]
[Annotator "Horvath,Ta"]
[PlyCount "64"]
[EventDate "1993.06.??"]
[EventType "tourn"]
[EventRounds "9"]
[EventCountry "ESP"]
[EventCategory "16"]
[SourceTitle "CBM 036"]
[Source "ChessBase"]
[SourceDate "1993.10.01"]
[SourceVersion "1"]
[SourceVersionDate "1993.10.01"]
[SourceQuality "1"]

1. e4 c5 2. Nf3 Nc6 3. d4 cxd4 4. Nxd4 Nf6 5. Nc3 e5 6. Ndb5 d6 7. Bg5 a6 8.
Na3 Be6 9. Nc4 Rc8 10. Bxf6 (10. Nd5 Bxd5 11. Bxf6 gxf6 12. Qxd5 Nd4 13. Bd3 (
13. O-O-O Qc7 14. Rxd4 $1 {Larsen}) 13... Qe7 14. b4 Qe6 15. Ne3 Qxd5 16. Nxd5
Nxc2+ 17. Bxc2 Rxc2 18. O-O Bh6 19. Rfd1 (19. a4 {Belikov-Karlov/CBM33/433})
19... Kd7 20. Rd3 Ke6 21. Rf3 Bg7 22. Rg3 {Leko-Morovic/Leon/1993}) 10... gxf6
11. Bd3 (11. Ne3 Bh6 12. Bd3 Bxe3 13. fxe3 Qb6 14. Qc1 {Georgiev,Ki-Shirov/
CBM33/139}) 11... Ne7 12. Ne3 Bh6 13. O-O Bxe3 14. fxe3 Qb6 15. Qc1 (15. Qf3 h5
16. Nd5 Bxd5 17. exd5 Rh6 18. Rab1 $14) 15... Ng8 16. Kh1 (16. Nd5 Bxd5 17.
exd5 Qc5 18. c4 $14) 16... Qc5 17. Qd2 h5 18. Rad1 (18. a4 $1 h4 19. h3 Kf8 20.
a5 {/\Na4; Nb6; c4; b4;+/-}) 18... h4 19. h3 Kf8 20. Qe2 Rh6 21. Nd5 Bxd5 22.
exd5 Ne7 23. c4 e4 24. Bxe4 Qxc4 25. Qf3 Re8 26. Rd4 Qc5 27. b4 Qc7 28. Bd3 Ng8
29. Rc4 Qb6 30. Re1 Re5 31. Rc8+ Kg7 32. Bf5 $2 (32. Qf4 $16) 32... Rxf5
1/2-1/2

[Event "Kemerovo1"]
[Site "Kemerovo"]
[Date "1995.??.??"]
[Round "10"]
[White "Yudasin, Leonid"]
[Black "Dolmatov, Sergey"]
[Result "1/2-1/2"]
[WhiteElo "2630"]
[BlackElo "2615"]
[Annotator "Horvath,Ta"]
[PlyCount "48"]
[EventDate "1995.08.??"]
[EventType "tourn"]
[EventRounds "11"]
[EventCountry "RUS"]
[EventCategory "12"]
[SourceTitle "CBM 050"]
[Source "ChessBase"]
[SourceDate "1996.02.01"]
[SourceVersion "1"]
[SourceVersionDate "1996.02.01"]
[SourceQuality "1"]

1. e4 c5 2. Nf3 e6 3. Nc3 Nc6 4. d4 cxd4 5. Nxd4 Nf6 6. Ndb5 d6 7. Bf4 e5 8.
Bg5 a6 9. Na3 b5 10. Bxf6 gxf6 11. Nd5 Bg7 12. c3 f5 13. exf5 Bxf5 14. Nc2 O-O
15. Nce3 Be6 16. Bd3 f5 17. Bc2 f4 $5 (17... b4 $6 {Topalov-Illescas/
Alcobendas/1994}) (17... Ne7 $2 18. Nxe7+ Qxe7 19. Bxf5 $1 Bxf5 20. Nxf5 Rxf5
21. Qd5+ $18) 18. Qh5 Rf7 $1 19. Bxh7+ Kf8 20. Bf5 Qe8 (20... Rxf5 $2 21. Nxf5
Bxd5 22. Rd1 $1 $18 {Arnason-Birnboim/Beer Sheva/1987} (22. O-O-O $2 Nd4 $1 $13
)) 21. Bxe6 (21. Bg6 fxe3 22. Nxe3 d5 $17 {Materiell steht Weiß nicht schlecht,
aber die Initiative von Schwarz ist sehr gefährlich.}) 21... Qxe6 22. Qg4 Qh6
23. Nf5 (23. Nc2 e4 $1 {/\Ne5-/+}) 23... Qe6 24. Nfe3 Qh6 {Bis zu diesem Zug
hatte Arnason die Variante in seinen Analysen angegeben!} 1/2-1/2